Dopyt a ponuka informácií o potravinách
Stručná analýza dopytu po informáciách o potravinách z pohľadu spotrebiteľov na jednej strane a ponuky informácií v danej oblasti podľa platnej legislatívy. Výsledky dotazníkového prieskumu
Salvato in:
| Autore principale: | |
|---|---|
| Natura: | Capitolo di libro |
| Lingua: | slovacco |
| Soggetti: | |
| Tags: |
Nessun Tag, puoi essere il primo ad aggiungerne!!
|
MARC
| LEADER | 00000nla a2200000 4500 | ||
|---|---|---|---|
| 001 | 0205989 | ||
| 005 | 20240502073429.1 | ||
| 041 | 0 | |a slo | |
| 044 | |a SK | ||
| 245 | 1 | 0 | |a Dopyt a ponuka informácií o potravinách |c Tatiana Košútová |
| 520 | |a Stručná analýza dopytu po informáciách o potravinách z pohľadu spotrebiteľov na jednej strane a ponuky informácií v danej oblasti podľa platnej legislatívy. Výsledky dotazníkového prieskumu | ||
| 610 | 2 | 0 | |a potraviny |
| 610 | 2 | 0 | |a informácie |
| 610 | 2 | 0 | |a dopyt |
| 610 | 2 | 0 | |a ponuka |
| 610 | 2 | 0 | |a spotrebitelia |
| 100 | 1 | |a Košútová, Tatiana, 1962- | |